[Event "Bundesliga 2324"]
[Site "Germany"]
[Date "2024.02.03"]
[Round "7.1"]
[White "Moehn, Hans"]
[Black "Movsesian, Sergei"]
[Result "0-1"]
[WhiteElo "2392"]
[BlackElo "2606"]
[PlyCount "68"]
[EventDate "2023.10.21"]
[EventType "team-tourn"]
[EventRounds "15"]
[EventCountry "GER"]
[SourceTitle "CB06_2024"]
[SourceDate "2024.02.07"]
[SourceVersion "1"]
[SourceVersionDate "2024.02.07"]
[SourceQuality "1"]
[WhiteTeam "Dresden TU"]
[BlackTeam "Baden-Baden"]
[WhiteTeamCountry "GER"]
[BlackTeamCountry "GER"]

1. Nf3 d5 2. g3 e6 3. Bg2 Nf6 4. 0-0 c5 5. c4 d4 6. e3 Nc6 7. d3 Bd6 8. exd4 cxd4 9. Bg5 h6 10. Bxf6 Qxf6 11. Nbd2 Qe7 12. Nb3 e5 13. Re1 Bg4 14. h3 Be6 15. Nfd2 0-0 16. Rc1 a5 17. c5 Bc7 18. a4 Qd7 19. Kh2 Nb4 20. c6 bxc6 21. Nc5 Qe7 22. Nxe6 Qxe6 23. Ne4 f5 24. Nc5 Qf7 25. Qf3 Rae8 26. Kg1 Bd6 27. h4 Qa7 28. Nb3 e4 29. dxe4 fxe4 30. Qh5 e3 31. fxe3 Bxg3 32. Re2 d3 33. Rd2 Qxe3+ 34. Kh1 Rf4 0-1

[Event "CRO-chT1B 31st"]
[Site "Veli Losinj"]
[Date "2023.10.18"]
[Round "8.52"]
[White "Drnovsek, Gal"]
[Black "Movsesian, Sergei"]
[Result "1/2-1/2"]
[WhiteElo "2401"]
[BlackElo "2606"]
[PlyCount "75"]
[EventDate "2023.10.11"]
[EventType "team-tourn"]
[EventRounds "9"]
[EventCountry "CRO"]
[SourceTitle "Mega2024 Update 01"]
[Source "Chessbase"]
[SourceDate "2023.11.12"]
[SourceVersion "1"]
[SourceVersionDate "2023.11.12"]
[SourceQuality "1"]
[WhiteTeam "Rijeka Rijeka"]
[BlackTeam "Zagreb Mladost"]
[WhiteTeamCountry "CRO"]
[BlackTeamCountry "CRO"]

1. d4 Nf6 2. c4 e6 3. Nf3 d5 4. Nc3 Bb4 5. Qa4+ Nc6 6. e3 0-0 7. Bd2 dxc4 8. Bxc4 a6 9. Qc2 Bd6 10. 0-0 b5 11. Be2 Bb7 12. Ne4 Nxe4 13. Qxe4 Na5 14. Qc2 Nc4 15. Bc3 f5 16. a4 Be4 17. Qd1 Rb8 18. b3 Nb6 19. axb5 axb5 20. Bb2 Nd5 21. Bd3 Qf6 22. Ne5 Bxe5 23. dxe5 Qg6 24. Bxe4 fxe4 25. Qe2 Rf7 26. h3 h5 27. Bd4 Ne7 28. Qc2 Nd5 29. f3 Rbf8 30. fxe4 Rxf1+ 31. Rxf1 Rxf1+ 32. Kxf1 b4 33. Qc6 Qxe4 34. Qe8+ Kh7 35. Qxh5+ Kg8 36. Qe8+ Kh7 37. Qh5+ Kg8 38. Qe8+ 1/2-1/2

[Event "AI Cup Play In"]
[Site "Chess.com INT"]
[Date "2023.09.18"]
[Round "4"]
[White "Andreikin, Dmitry"]
[Black "Movsesian, Sergei"]
[Result "1-0"]
[WhiteElo "2729"]
[BlackElo "2606"]
[PlyCount "77"]
[EventDate "2023.09.18"]
[EventType "swiss (rapid)"]
[EventRounds "9"]
[EventCountry "USA"]
[SourceTitle "EXT 2024"]
[Source "ChessBase"]
[SourceDate "2023.10.10"]
[SourceVersion "1"]
[SourceVersionDate "2023.10.10"]
[SourceQuality "1"]

1. c4 e5 2. Nc3 Nc6 3. g3 Nf6 4. Bg2 Bc5 5. e3 a6 6. Nge2 Ba7 7. b3 0-0 8. Bb2 d6 9. 0-0 Bf5 10. d4 exd4 11. Nxd4 Nxd4 12. exd4 c6 13. d5 Qd7 14. dxc6 bxc6 15. Ne2 Ng4 16. Nd4 Bxd4 17. Qxd4 f6 18. Rad1 Rad8 19. Qb6 c5 20. Qxa6 Ne5 21. Rd2 Bg4 22. f4 Nf7 23. Qb7 Qf5 24. Qd5 Qc8 25. f5 Rde8 26. h3 Re3 27. Kf2 Qe8 28. hxg4 Kh8 29. Rh1 Ng5 30. Qxd6 Re4 31. Qxc5 Rxg4 32. Re1 Qb8 33. Qd6 Qc8 34. Kg1 h5 35. Kh2 Rg8 36. Bxf6 Nf7 37. Qe6 Qb8 38. Be5 Qb4 39. Qxf7 1-0

[Event "AI Cup Play In Match"]
[Site "Chess.com INT"]
[Date "2023.09.18"]
[Round "1.1"]
[White "Mamedov, Rauf"]
[Black "Movsesian, Sergei"]
[Result "1-0"]
[WhiteElo "2640"]
[BlackElo "2606"]
[PlyCount "73"]
[EventDate "2023.09.18"]
[EventType "k.o. (rapid)"]
[EventRounds "1"]
[EventCountry "USA"]
[SourceTitle "EXT 2024"]
[Source "ChessBase"]
[SourceDate "2023.10.10"]
[SourceVersion "1"]
[SourceVersionDate "2023.10.10"]
[SourceQuality "1"]

1. e4 Nf6 2. e5 Nd5 3. d4 d6 4. Nf3 dxe5 5. Nxe5 c6 6. Bd3 Nd7 7. Nf3 N7f6 8. h3 Nb4 9. Be2 Bf5 10. Na3 e6 11. 0-0 Be7 12. c3 Nbd5 13. Nc4 0-0 14. Ne3 Be4 15. Qb3 Qc7 16. Nc4 c5 17. Re1 Rac8 18. Ncd2 Bf5 19. Nh4 cxd4 20. Nxf5 exf5 21. cxd4 Bb4 22. Bf3 Rfd8 23. Re5 Qc2 24. Bxd5 Nxd5 25. Rxd5 Rxd5 26. Qxd5 Qd1+ 27. Nf1 Rxc1 28. Rxc1 Qxc1 29. Qxb7 Bf8 30. Qxa7 Qxb2 31. a4 g6 32. a5 Kg7 33. a6 Ba3 34. Qd7 Bb4 35. Qd5 Qa3 36. Qe5+ Kh6 37. Qe3+ 1-0

[Event "Pardubice Czech op-A 34th"]
[Site "Pardubice"]
[Date "2023.07.21"]
[Round "1"]
[White "Hajiyev, Kanan"]
[Black "Movsesian, Sergei"]
[Result "0-1"]
[WhiteElo "2164"]
[BlackElo "2617"]
[PlyCount "132"]
[EventDate "2023.07.21"]
[EventType "swiss"]
[EventRounds "9"]
[EventCountry "CZE"]
[SourceTitle "CBM 215 Extra"]
[Source "ChessBase"]
[SourceDate "2023.09.30"]
[SourceVersion "1"]
[SourceVersionDate "2023.09.30"]
[SourceQuality "1"]

1. d4 Nf6 2. Nf3 e6 3. c4 d5 4. cxd5 exd5 5. Nc3 h6 6. Bf4 c6 7. h3 Bf5 8. e3 Qb6 9. Bd3 Qxb2 10. Bxf5 Qxc3+ 11. Kf1 Nbd7 12. Rb1 Nb6 13. g4 Be7 14. Kg2 0-0 15. g5 hxg5 16. Nxg5 g6 17. Kh2 Nh5 18. Rg1 Ng7 19. Rb3 Qa5 20. Bb1 Nc4 21. Rxb7 Qd8 22. Nxf7 Rxf7 23. Bxg6 Rxf4 24. exf4 Nd6 25. Qg4 Qf8 26. Rb3 Qf6 27. Bc2 Bf8 28. Qh5 Qxf4+ 29. Rbg3 Ne4 30. Bxe4 dxe4 31. R1g2 Rd8 32. Qe5 Qxe5 33. dxe5 Kf7 34. Rg4 e3 35. fxe3 Ne6 36. Rf2+ Ke7 37. Rc4 c5 38. Ra4 Rd7 39. h4 Bg7 40. Rf5 Rc7 41. Rc4 Nd8 42. Kg3 Ke6 43. Kf4 Nf7 44. Ke4 Nxe5 45. Ra4 Nf7 46. Rf1 c4 47. Kf3 c3 48. Rb4 Ne5+ 49. Ke2 Rd7 50. Rd1 c2 51. Rh1 Nd3 52. Rc4 c1Q 53. Rhxc1 Nxc1+ 54. Rxc1 Be5 55. Kf3 Bc7 56. Ke4 Rh7 57. Rh1 Rh5 58. Kf3 Bd8 59. Kg4 Ra5 60. Rh2 Ra4+ 61. Kh5 Be7 62. Rh3 Rxa2 63. Kg6 Rg2+ 64. Kh7 Kf7 65. e4 Rg4 66. h5 Rg7+ 0-1

[Event "Bundesliga 2223"]
[Site "Germany"]
[Date "2023.04.01"]
[Round "12.1"]
[White "Schmidek, Emil"]
[Black "Movsesian, Sergei"]
[Result "0-1"]
[WhiteElo "2414"]
[BlackElo "2619"]
[PlyCount "96"]
[EventDate "2022.10.21"]
[EventType "team-tourn"]
[EventRounds "15"]
[EventCountry "GER"]
[SourceTitle "CBM 213 Extra"]
[Source "ChessBase"]
[SourceDate "2023.05.31"]
[SourceVersion "1"]
[SourceVersionDate "2023.05.31"]
[SourceQuality "1"]
[WhiteTeam "Berlin SF"]
[BlackTeam "Baden-Baden"]
[WhiteTeamCountry "GER"]
[BlackTeamCountry "GER"]

1. d4 Nf6 2. c4 g6 3. Nc3 Bg7 4. e4 d6 5. f3 0-0 6. Be3 a6 7. Qd2 Nc6 8. Nge2 Bd7 9. Rc1 b5 10. Nd5 bxc4 11. Rxc4 Nxd5 12. exd5 Na7 13. Bh6 Re8 14. h4 Bh8 15. h5 Nc8 16. hxg6 fxg6 17. Nf4 e5 18. dxe6 Bxe6 19. Nxe6 Rxe6+ 20. Kf2 d5 21. Rc5 c6 22. g3 Qf6 23. Rh4 Nd6 24. Bg5 Qf8 25. Bh6 Qe8 26. Bh3 Re7 27. Rf4 Nf7 28. Rh4 Rd8 29. Bf1 Rd6 30. Bf4 Rde6 31. Rc3 Bf6 32. Rg4 Kg7 33. Be3 h5 34. Rf4 Nd6 35. Rxf6 Rxf6 36. Bf4 h4 37. gxh4 Ref7 38. Bxd6 Rxd6 39. Bxa6 Qd8 40. Kg3 Rdf6 41. Be2 Qd6+ 42. Kg2 Rf4 43. Qe3 Re7 44. Qf2 Qf6 45. Bf1 Rf7 46. Be2 Rxh4 47. Rxc6 Rg4+ 48. Kh3 Qg5 0-1

[Event "CZE-chT 2223"]
[Site "Czech Republic"]
[Date "2023.03.26"]
[Round "11.4"]
[White "Navara, David"]
[Black "Movsesian, Sergei"]
[Result "1-0"]
[WhiteElo "2676"]
[BlackElo "2619"]
[PlyCount "99"]
[EventDate "2022.10.15"]
[EventType "team-tourn"]
[EventRounds "11"]
[EventCountry "CZE"]
[SourceTitle "CBM 213 Extra"]
[Source "ChessBase"]
[SourceDate "2023.05.31"]
[SourceVersion "1"]
[SourceVersionDate "2023.05.31"]
[SourceQuality "1"]
[WhiteTeam "Novoborsky"]
[BlackTeam "Pardubice"]
[WhiteTeamCountry "CZE"]
[BlackTeamCountry "CZE"]

1. e4 c6 2. d4 d5 3. e5 c5 4. Nf3 cxd4 5. Nxd4 e6 6. Nd2 Ne7 7. N2f3 Nbc6 8. c3 Nxd4 9. Qxd4 Nf5 10. Qf4 Be7 11. g4 Nh6 12. Bd3 Bd7 13. Be3 Qa5 14. a4 0-0 15. Qg3 f6 16. exf6 Rxf6 17. Ne5 Bd6 18. g5 Nf5 19. gxf6 Nxg3 20. Bxh7+ Kf8 21. Nxd7+ Kf7 22. hxg3 gxf6 23. Rh6 Be7 24. Bg6+ Kg7 25. Bc2 Rh8 26. Rxh8 Kxh8 27. 0-0-0 Qc7 28. Rh1+ Kg8 29. Rh7 Qxd7 30. Bc5 Qc7 31. Ba3 Qe5 32. Rxe7 Qe1+ 33. Bd1 b6 34. a5 e5 35. Rxa7 Qxf2 36. a6 Qe3+ 37. Kc2 Qf2+ 38. Kc1 Qe3+ 39. Kc2 Qf2+ 40. Kb3 Qf1 41. Bh5 Qc4+ 42. Kc2 e4 43. Ra8+ Kg7 44. a7 d4 45. Re8 dxc3 46. a8Q Qd3+ 47. Kc1 Qd2+ 48. Kb1 c2+ 49. Ka2 c1N+ 50. Kb1 1-0

[Event "CZE-chT 2223"]
[Site "Czech Republic"]
[Date "2023.03.25"]
[Round "10.3"]
[White "Movsesian, Sergei"]
[Black "Kantans, Toms"]
[Result "1-0"]
[WhiteElo "2619"]
[BlackElo "2514"]
[PlyCount "171"]
[EventDate "2022.10.15"]
[EventType "team-tourn"]
[EventRounds "11"]
[EventCountry "CZE"]
[SourceTitle "CBM 213 Extra"]
[Source "ChessBase"]
[SourceDate "2023.05.31"]
[SourceVersion "1"]
[SourceVersionDate "2023.05.31"]
[SourceQuality "1"]
[WhiteTeam "Pardubice"]
[BlackTeam "Turnov Zikuda"]
[WhiteTeamCountry "CZE"]
[BlackTeamCountry "CZE"]

1. e4 c5 2. Nc3 d6 3. g3 Nc6 4. Bg2 g6 5. d3 Bg7 6. Nge2 Rb8 7. Bg5 Nf6 8. h3 b5 9. 0-0 0-0 10. Qd2 b4 11. Nd5 Nxd5 12. exd5 Nd4 13. Nxd4 Bxd4 14. c3 bxc3 15. bxc3 Bg7 16. Rab1 Rxb1 17. Rxb1 Re8 18. Rb8 Qa5 19. c4 Qc7 20. Rb1 h5 21. Qc2 Bd4 22. Qa4 Bd7 23. Qa6 Rb8 24. Rb3 Rxb3 25. axb3 Qb8 26. Qa2 Bf5 27. Bf1 Qb4 28. Bd2 Bc3 29. Bg5 f6 30. Be3 a5 31. Kg2 Kf7 32. Be2 Qb7 33. g4 hxg4 34. hxg4 Bd7 35. Qc2 Qb4 36. Bd1 f5 37. g5 Bd4 38. Bd2 Qb8 39. Bxa5 Qh8 40. Qd2 Qh4 41. f4 Bc8 42. Bf3 Ke8 43. b4 cxb4 44. Bxb4 Bb7 45. Ba3 Kd8 46. Bb4 Ke8 47. Bd1 Kf7 48. Ba3 Ke8 49. Bc1 e5 50. Qe2 Kf8 51. Qf1 Bc8 52. Bd2 e4 53. Be1 Qh7 54. Qe2 exd3 55. Qxd3 Qa7 56. Bb4 Bc5 57. Bxc5 Qxc5 58. Qc3 Ke7 59. Qf6+ Kd7 60. Qxg6 Qd4 61. Qxf5+ Kc7 62. Qh7+ Kd8 63. Qh5 Qxf4 64. g6 Bf5 65. g7 Qd2+ 66. Be2 Be4+ 67. Kh3 Qc3+ 68. Bf3 Bh7 69. Qg5+ Kc7 70. Kg2 Bg8 71. Qe7+ Kb6 72. Qxd6+ Ka5 73. Qc5+ Ka6 74. Qc8+ Ka5 75. Qc7+ Ka6 76. Be2 Qe3 77. Qc8+ Ka5 78. Qg4 Kb4 79. d6 Kc5 80. d7 Qe7 81. Bf3 Kd6 82. Qd4+ Kc7 83. Qa7+ Kd8 84. Qb8+ Kxd7 85. Bg4+ Kc6 86. Qxg8 1-0

[Event "GER CupT"]
[Site "Germany"]
[Date "2023.03.12"]
[Round "4.3"]
[White "Movsesian, Sergei"]
[Black "Kempter, Ronald"]
[Result "1-0"]
[WhiteElo "2610"]
[BlackElo "2235"]
[PlyCount "69"]
[EventDate "2023.01.28"]
[EventType "team-k.o."]
[EventRounds "4"]
[EventCountry "GER"]
[SourceTitle "EXT 2024"]
[Source "ChessBase"]
[SourceDate "2023.10.10"]
[SourceVersion "1"]
[SourceVersionDate "2023.10.10"]
[SourceQuality "1"]
[WhiteTeam "Baden-Baden"]
[BlackTeam "Groebenzell"]
[WhiteTeamCountry "GER"]
[BlackTeamCountry "GER"]

1. e4 e5 2. Nf3 Nc6 3. Bb5 a6 4. Ba4 Nf6 5. 0-0 Be7 6. d3 b5 7. Bb3 0-0 8. a4 Bb7 9. Nc3 b4 10. Ne2 d6 11. a5 Bc8 12. Ng3 Be6 13. c3 bxc3 14. bxc3 Rb8 15. Bc2 h6 16. Bd2 Re8 17. h3 Bf8 18. d4 Bc4 19. Re1 exd4 20. cxd4 Nd7 21. Ba4 Bb5 22. Bb3 g6 23. Qc2 Bg7 24. Bc3 Qe7 25. Re3 Nf8 26. Rae1 Qd7 27. h4 Re7 28. h5 Kh7 29. e5 d5 30. Nh4 Qg4 31. Nhf5 Ne6 32. Bxd5 Ncxd4 33. Nxd4 Nxd4 34. Bxd4 Qxd4 35. Bxf7 1-0

[Event "CZE-chT 2223"]
[Site "Czech Republic"]
[Date "2023.02.18"]
[Round "7.5"]
[White "Movsesian, Sergei"]
[Black "Heberla, Bartlomiej"]
[Result "1/2-1/2"]
[WhiteElo "2619"]
[BlackElo "2562"]
[PlyCount "47"]
[EventDate "2022.10.15"]
[EventType "team-tourn"]
[EventRounds "11"]
[EventCountry "CZE"]
[SourceTitle "CBM 213 Extra"]
[Source "ChessBase"]
[SourceDate "2023.05.31"]
[SourceVersion "1"]
[SourceVersionDate "2023.05.31"]
[SourceQuality "1"]
[WhiteTeam "Pardubice"]
[BlackTeam "Brno Moravska Slavia"]
[WhiteTeamCountry "CZE"]
[BlackTeamCountry "CZE"]

1. d4 d5 2. Nf3 Nf6 3. g3 e6 4. Bg2 Be7 5. 0-0 0-0 6. c4 dxc4 7. Qc2 a6 8. a4 Bd7 9. Qxc4 Bc6 10. Bf4 Bd6 11. Qc1 Nbd7 12. Nc3 Qe7 13. Rd1 Rfd8 14. Qc2 e5 15. Bg5 exd4 16. Nxd4 Bxg2 17. Kxg2 h6 18. Nd5 Qe5 19. Nf3 Qe6 20. Nxc7 Bxc7 21. Bxf6 Nxf6 22. Qxc7 Rdc8 23. Qe5 Qxe5 24. Nxe5 1/2-1/2

[Event "EU-ch Cities&Town op"]
[Site "Tornelo INT"]
[Date "2023.01.29"]
[Round "?"]
[White "Movsesian, Sergei"]
[Black "Makaraci, Tunahan"]
[Result "1/2-1/2"]
[WhiteElo "2615"]
[BlackElo "2296"]
[PlyCount "83"]
[EventDate "2023.01.29"]
[EventType "team-swiss"]
[EventRounds "9"]
[EventCountry "NET"]
[SourceTitle "CBM 212 Extra"]
[Source "ChessBase"]
[SourceDate "2023.03.31"]
[SourceVersion "1"]
[SourceVersionDate "2023.03.31"]
[SourceQuality "1"]
[WhiteTeam "Praha op"]
[BlackTeam "Istanbul"]
[WhiteTeamCountry "CZE"]
[BlackTeamCountry "TUR"]

1. e4 Nf6 2. e5 Nd5 3. d4 d6 4. Nf3 dxe5 5. Nxe5 c6 6. Be2 Bf5 7. 0-0 Nd7 8. c4 N5f6 9. f4 e6 10. Nc3 Ne4 11. Bf3 Nxc3 12. bxc3 Nxe5 13. fxe5 Be7 14. Qb3 Rb8 15. Be3 0-0 16. Rad1 Bg5 17. Bf2 Qa5 18. g4 Bg6 19. h4 Bf4 20. h5 Qd8 21. hxg6 fxg6 22. c5 Qg5 23. Kg2 Rbe8 24. Qxb7 h5 25. Qxc6 hxg4 26. Be2 g3 27. Bg1 Kh7 28. Rd3 Qh4 29. Rdf3 g5 30. Rxf4 gxf4 31. Qf3 Rf5 32. Bd3 g5 33. Bxf5+ exf5 34. Qb7+ Kh8 35. Qf7 Rb8 36. Qf6+ Kg8 37. Qxf5 Rb2+ 38. Kf3 Qh1+ 39. Kg4 Qh4+ 40. Kf3 Qh1+ 41. Kg4 Qh4+ 42. Kf3 1/2-1/2

[Event "Titled Tuesday intern op 17th Jan Early"]
[Site "Chess.com INT"]
[Date "2023.01.17"]
[Round "5"]
[White "Demin, Vladimir"]
[Black "Movsesian, Sergei"]
[Result "1-0"]
[WhiteElo "2430"]
[BlackElo "2615"]
[PlyCount "89"]
[EventDate "2023.01.17"]
[EventType "swiss (blitz)"]
[EventRounds "11"]
[EventCountry "USA"]
[SourceTitle "CBM 212 Extra"]
[Source "ChessBase"]
[SourceDate "2023.03.31"]
[SourceVersion "1"]
[SourceVersionDate "2023.03.31"]
[SourceQuality "1"]

1. d4 Nf6 2. Nc3 d5 3. Bf4 a6 4. e3 c5 5. dxc5 e6 6. Na4 Nbd7 7. b4 e5 8. Bg5 h6 9. Bxf6 Nxf6 10. Nb6 Rb8 11. Nf3 e4 12. Nd4 Bg4 13. Be2 Bxe2 14. Qxe2 Be7 15. 0-0 0-0 16. c4 dxc4 17. Qxc4 Qc7 18. h3 Rfd8 19. Rad1 Qe5 20. Ne2 Qh5 21. Rd4 Rxd4 22. Nxd4 Bf8 23. Ne2 Rd8 24. Nf4 Qe5 25. a3 Qb2 26. Nbd5 Nxd5 27. Nxd5 Qxa3 28. Qxe4 a5 29. Ne7+ Kh8 30. c6 bxc6 31. Nxc6 Rc8 32. bxa5 Qc3 33. Ne5 Kg8 34. Qd5 Qc7 35. a6 Rd8 36. Qb5 Rb8 37. Qd5 Rd8 38. Qe4 Re8 39. f4 Qa7 40. Kh2 Qxa6 41. Qd5 Re6 42. Rf3 Qe2 43. Rg3 Qf2 44. Ng4 Rg6 45. Nxf2 1-0